Online
Catalog

Hablamos de Dios. : (Record no. 55467)

MARC details
000 -CABECERA
campo de control de longitud fija 01964nam a2200337 i 4500
003 - IDENTIFICADOR DEL NÚMERO DE CONTROL
campo de control DO-SdBNP
005 - FECHA Y HORA DE LA ÚLTIMA TRANSACCIÓN
campo de control 20231113103108.0
007 - CAMPO FIJO DE DESCRIPCIÓN FÍSICA--INFORMACIÓN GENERAL
campo de control de longitud fija ta
008 - DATOS DE LONGITUD FIJA--INFORMACIÓN GENERAL
campo de control de longitud fija 150209s2006 dr ac b 000 0 spa d
020 ## - NÚMERO INTERNACIONAL ESTÁNDAR DEL LIBRO
Número Internacional Estándar del Libro 9945426575
040 ## - FUENTE DE LA CATALOGACIÓN
Centro catalogador/agencia de origen DO-SdBNP
Lengua de catalogación spa
Centro/agencia transcriptor BNPHU
Normas de descripción rda
082 ## - NÚMERO DE LA CLASIFICACIÓN DECIMAL DEWEY
Número de edición 22
Número de documento/Ítem Y99
100 1# - ENTRADA PRINCIPAL--NOMBRE DE PERSONA
Nombre de persona Yzuel Sanz, Juan
9 (RLIN) 84622
245 10 - MENCIÓN DE TÍTULO
Título Hablamos de Dios. :
Resto del título guía didáctica, 5to. de educación básica /
Mención de responsabilidad, etc. Juan Yzuel Sanz ; ilustración Felipe López Salán
264 #1 - PRODUCCIÓN, PUBLICACIÓN, DISTRIBUCIÓN, FABRICACIÓN Y COPYRIGHT
Producción, publicación, distribución, fabricación y copyright Santo Domingo :
Nombre del de productor, editor, distribuidor, fabricante SM,
Fecha de producción, publicación, distribución, fabricación o copyright 2006.
300 ## - DESCRIPCIÓN FÍSICA
Extensión 160 páginas
Otras características físicas ilustraciones, retratos
Dimensiones 28 cm.
336 ## - TIPO DE CONTENIDO
Fuente rdacontent
Término de tipo de contenido texto
Código de tipo de contenido txt
337 ## - TIPO DE MEDIO
Fuente rdamedia
Nombre/término del tipo de medio sin mediación
Código del tipo de medio n
338 ## - TIPO DE SOPORTE
Fuente rdacarrier
Nombre/término del tipo de soporte volumen
Código del tipo de soporte nc
490 1# - MENCIÓN DE SERIE
Mención de serie Educación en valores
490 1# - MENCIÓN DE SERIE
Mención de serie Proyecto mundo abierto
500 ## - NOTA GENERAL
Nota general Educación básica.
500 ## - NOTA GENERAL
Nota general Formación integral humana y religiosa.
500 ## - NOTA GENERAL
Nota general Incluye glosario.
505 0# - NOTA DE CONTENIDO CON FORMATO
Información miscelánea Proyecto y metodología :
Título Nuestra propuesta --
-- Claves del proyecto Hablamos de Dios --
-- Objetivos generales y criterios de evaluación --
-- Los contenidos --
-- Programación --
-- Los materiales para el estudiante --
-- Los recursos para el maestro --
-- La unidad didáctica (estructura y proceso metodológico) /
Información miscelánea Las unidades didácticas :
-- Dios promete la salvación y cumple su promesa --
Título Dios se revela al ser humano --
-- Creación del universo y del ser humano --
-- El Dios de toda confianza --
-- Dios libera a los seres humanos --
Información miscelánea Jesús realiza la salvación y funda la iglesia --
Título David y la promesa del Mesías --
-- En Jesús, se cumple la promesa --
-- La iglesia en sus comienzos --
-- Expansión de la iglesia --
Información miscelánea La iglesia comunica la salvación y mantiene la esperanza --
Título La iglesia a lo largo de la historia --
-- La iglesia hoy --
-- Un futuro de esperanza --
-- Glosario /
521 ## - NOTA DE PÚBLICO DESTINATARIO
Nota de público destinatario Estudiantes de primaria.
590 ## - NOTA LOCAL (RLIN)
Nota local Inventariado, 2023/ YL
700 1# - PUNTO DE ACCESO ADICIONAL--NOMBRE DE PERSONA
Nombre de persona López Salán, Felipe
9 (RLIN) 73201
Término indicativo de función/relación ilustraciones
910 ## - DATOS DE OPCIÓN DEL USUARIO (OCLC)
Datos de opción del usuario YLockward
942 ## - ELEMENTOS DE PUNTO DE ACCESO ADICIONAL (KOHA)
Fuente del sistema de clasificación o colocación Dewey Decimal Classification
Tipo de ítem Koha Libro
Holdings
Estado de retiro Estado de pérdida Fuente del sistema de clasificación o colocación Restricciones de uso No para préstamo Código de colección Localización permanente Ubicación/localización actual Ubicación en estantería Fecha de adquisición Fuente de adquisición Total de préstamos Signatura topográfica completa Código de barras Fecha visto por última vez Precio válido a partir de Tipo de ítem Koha
    Dewey Decimal Classification Excluido de préstamo   Infantojuvenil Patrimonio Dominicano Biblioteca Nacional Pedro Henríquez Ureña Biblioteca Nacional Pedro Henríquez Ureña En catalogación 16.12.2021 Colegio Nuestra Señora de Lourdes   Y99 2023-7762 13.11.2023 13.11.2023 Libro

Powered by Koha